| 000 | 00690cam a22002533a 4500 | ||
|---|---|---|---|
| 001 | 928 | ||
| 003 | PGUSA | ||
| 005 | 20140828082954.0 | ||
| 008 | 970501s1997||||xxu|||||s|||||000 | eng d | ||
| 040 |
_aPGUSA _beng |
||
| 042 | _adc | ||
| 050 | 4 | _aPZ | |
| 050 | 4 | _aPR | |
| 100 | 1 |
_aCarroll, Lewis, _d1832-1898 |
|
| 245 | 1 | 0 |
_aAlice's Adventures in Wonderland : _bHTML Edition _h[electronic resource] / _cLewis Carroll |
| 260 |
_bProject Gutenberg, _c1997 |
||
| 506 | _aPublic domain in the USA. | ||
| 516 | _aElectronic text | ||
| 653 | _aFantasy | ||
| 740 | 0 | _aAlice in Wonderland | |
| 830 | 0 |
_aProject Gutenberg _v928 |
|
| 856 | 4 | 0 | _uhttp://www.gutenberg.org/ebooks/928 |
| 942 | _cEB | ||
| 999 |
_c230279 _d230279 |
||